| 000 | 00758pam a2200229 a 4500 | ||
|---|---|---|---|
| 001 | 010344527 | ||
| 005 | 20130930135615.0 | ||
| 008 | 030417s2004 enka || 001 0|eng | ||
| 020 | _a0333992814 (pbk.) : | ||
| 082 | 0 | 4 |
_a005.1 _222 _bCHA |
| 100 | 1 |
_aCharatan, Quentin. _930996 |
|
| 245 | 1 | 0 |
_aFormal Software Development : _bfrom VDM to Java / _cQuentin Charatan and Aaron Kans. |
| 260 |
_aBasingstoke : _bPalgrave Macmillan, _c2004. |
||
| 300 |
_axi, 239 p. : _bill. ; _c25 cm. |
||
| 500 | _aIncludes index. | ||
| 500 |
_aFormerly CIP. _5Uk |
||
| 650 | 0 |
_aComputer software _xDevelopment. _930997 |
|
| 650 | 0 |
_aFormal methods (Computer science) _929211 |
|
| 653 |
_bCS _cSeptember2012 _cSeptember2013 |
||
| 700 | 1 |
_aKans, Aaron. _930998 |
|
| 942 |
_2ddc _cBB |
||
| 999 |
_c17035 _d17007 |
||